000
00340nam a2200145Ia 4500
008
151213s9999 xx 000 0 und d
100
_a
T. S. Eliot
245
_a
Collected Poem
_c
T. S. Eliot
260
_a
London
_b
Faber & Faber
_c
1963
300
_a
4481 p.
650
_a
English
650
_a
Poem
700
_a
T. S. Eliot
999
_c
2856
_d
2856